00431nam a22001217a 4500003000900000005001700009008004100026040001300067245005800080260002000138300001800158520013300176IT-RoPau20220918181108.0130613b xxu||||| |||| 00| 0 eng d cIT-RoPau aPrima professione religiosa nella Società San Paolo aRomabSSPc1983 a16 pp.c21 cm aIndice Riti iniziali Liturgia della Parola Rito della Prima Professione Liturgia Eucaristica Canto finale: Grande e ammirabile